00000000nam 2200000zi 4500
0019.945570
003CaOODSP
00520241126104253
006m     o  d f      
007cr |n|||||||||
008241126s1973    onc     ob   f000 0 fre d
040 |aCaOODSP|bfre|erda|cCaOODSP
043 |an-cn---
0861 |aIC24-3/1973F-PDF|zIC24-3/1973F
24500|aChoix de publications du gouvernement fédéral pour les bibliothèques des écoles secondaires.
264 1|aOttawa : |bInformation Canada, |c1973.
300 |a1 ressource en ligne (1 volume (en pagination multiple))
336 |atexte|btxt|2rdacontent/fre
337 |ainformatique|bc|2rdamedia/fre
338 |aressource en ligne|bcr|2rdacarrier/fre
500 |aPublié aussi en anglais sous le titre : Federal government publications selected for high school libraries.
500 |aÉdition numérisée de l'imprimée [par Direction des publications du Gouvernement du Canada].
650 6|aPublications officielles|zCanada|xBibliographie.
655 7|aBibliographies|2rvmgf
7101 |aCanada.|bInformation Canada, |eorganisme de publication.
77508|tFederal government publications selected for high school libraries.|w(CaOODSP)9.945567
85640|qPDF|s34.9 MB|uhttps://publications.gc.ca/collections/collection_2024/spac-pspc/IC24-3-1973-fra.pdf